• 首页
  • 本馆介绍
  • 公告通知
  • 最新文献
  • 馆藏检索
  • 电子资源
  • 读者导购
  • 参考咨询
  • 我的图书馆
  • 登录
  • 详细信息显示
  • 放入我的书架
  • 预约/预借图书
  • 作者相关作品
  • 分类相关作品
  • 丛书相关作品
  • 出版社相关作品

书目信息

  • 表格格式
  • 工作单格式
  • 卡片格式
题名:
怎样溜旱冰
    
 
作者: 申杰之 著
分册:  
出版信息: 北京   人民体育出版社  1982
页数: 53页
开本: 19cm
丛书名:
单 册:
中图分类: G889
科图分类:
主题词: 滑旱冰-运动技术 , 体育
电子资源:
ISBN:
000 00630nam0 2200241 45
001 0182002028
005 20060516151902.96
010    @dCNY0.23
091    @a7015.2058
100    @a19950629d1982 em y0chiy0121 ea
101 0  @achi
102    @aCN@b110000
105    @aa z 000yy
200 10 @a怎样溜旱冰@Azen yang liu han bing@f申杰之著@Fshen jie zhi zhu
210    @a北京@c人民体育出版社@d1982
215    @a53页@c插图@d19cm
606    @a滑旱冰-运动技术
606 0  @a体育
690    @aG889@v3
701  0 @a申杰之@Ashen jie zhi@4著
801  2 @aCN@bNLC@c20060516
801  0 @aCN@b上海图书馆@c20040507
905    @dG889@e1
    
    怎样溜旱冰/申杰之著.-北京:人民体育出版社,1982
    53页:插图;19cm
    
    
    ISBN :CNY0.23
    
●
相关链接 在E读中查询图书 在五车中查询图书 在当当中查询图书 在豆瓣中查询图书


正题名:怎样溜旱冰     索取号:G889/1         预约/预借

序号 登录号 条形码 馆藏地/架位号 状态 备注
1 0081134   000990994   密集书库/ [索取号:G889/1] 在馆    
2 0081135   000991001   密集书库/ [索取号:G889/1] 在馆    
3 0081136   000990949   密集书库/ [索取号:G889/1] 在馆    
4 0081137   000990930   密集书库/ [索取号:G889/1] 在馆    
5 0081138   202354200   密集书库/ [索取号:G889/1] 在馆    
唐山师范学院图书馆 欢迎您!
大连网信软件有限公司© 版权所有